W B Yeats and his world (Record no. 34517)

MARC details
000 -LEADER
fixed length control field 00317nam a2200121Ia 4500
082 ## - DEWEY DECIMAL CLASSIFICATION NUMBER
Classification number 929 A/Z (YEA)
Item number LIA
100 ## - MAIN ENTRY--AUTHOR NAME
Personal name Boland, Eavan
245 #0 - TITLE STATEMENT
Title W B Yeats and his world
260 ## - PUBLICATION, DISTRIBUTION, ETC. (IMPRINT)
Place of publication London
Name of publisher Thames and Hudson
Year of publication 1971
700 ## - ADDED ENTRY--PERSONAL NAME
Personal name Liammoir, Michael M
942 ## - ADDED ENTRY ELEMENTS (KOHA)
Koha item type Books
Holdings
Withdrawn status Lost status Damaged status Not for loan Home library Current library Date acquired Cost, normal purchase price Full call number Accession Number Koha item type
        RRII Library RRII Library 16/12/2021 3.95 929 A/Z (YEA) LIA 14953 Books